| 000 | 00477nam a2200193Ia 4500 | ||
|---|---|---|---|
| 003 | OSt | ||
| 005 | 20140311163112.0 | ||
| 008 | 140130s9999 xx 000 0 und d | ||
| 050 |
_aPZ 7 _b.Sch378 2000 |
||
| 100 |
_aSchreiber, Anne _928713 |
||
| 245 |
_aTwister trouble / _cAnne Schreiber. |
||
| 260 |
_bScholastic, _c2000. _aNew York : |
||
| 300 |
_a76 p. : _bill. ; _c18 cm. |
||
| 440 |
_v1 _931111 |
||
| 521 | _aG3 | ||
| 526 | _c520 | ||
| 942 |
_cBK _2lcc |
||
| 999 |
_c40591 _d40591 |
||